| 000 | 00648nam a22002057a 4500 | ||
|---|---|---|---|
| 001 | 25326 | ||
| 003 | BD-RjUL | ||
| 005 | 20211209050849.0 | ||
| 008 | 140318r19511936enk||||| |||| 00| 0 eng d | ||
| 035 | _a(BD-RjUL)25395 | ||
| 040 |
_aBD-RjUL _beng _cBD-RjUL _dBD-RjUL |
||
| 041 | _aeng | ||
| 082 | 0 | 0 |
_219 _a824 _bENE 1951 |
| 110 | 2 |
_a English Association. _977870 |
|
| 245 |
_aEnglish essays of today / _c English Association. |
||
| 260 |
_a London; New York : _bPub. for the English Association by the Oxford University Press, _c1936 [IMPRESSION 1951]. |
||
| 300 |
_aviii, 230 p. ; _c19 cm. |
||
| 650 | 7 |
_a English essays. _977869 |
|
| 942 |
_2ddc _cBK |
||
| 999 |
_c25326 _d25326 |
||